EU members + years - Statistics

General Stats
  • This quiz has been taken 13 times
  • The average score is 24 of 38
Answer Stats
Hint Answer % Correct
Year 2004
75%
Country Croatia
75%
France
75%
Italy
75%
(Bonus) United Kingdom
75%
Country left United Kingdom
75%
Year 1973
63%
Year 1981
63%
Year 1986
63%
Year 1995
63%
Year 2007
63%
Year 2013
63%
Bonus year 2020
63%
Countries Austria
63%
Countries Belgium
63%
Bulgaria
63%
Cyprus
63%
Countries Czech Republic
63%
Estonia
63%
Finland
63%
Germany
63%
Country Greece
63%
Hungary
63%
Ireland
63%
Latvia
63%
Lithuania
63%
Luxembourg
63%
Malta
63%
Netherlands
63%
Poland
63%
Portugal
63%
Countries Romania
63%
Slovakia
63%
Slovenia
63%
Countries Spain
63%
Sweden
63%
Year 1958
50%
Countries Denmark
50%
No matching quizzes found
Score Distribution
Percent of People with Each Score
Percentile by Number Answered
Your Score History
You have not taken this quiz